000 01026nam a2200241Ia 4500
003 OSt
005 20220923224507.0
006 a|||||r|||| 00| 0
007 ta
008 220922b |||||||| |||| 00| 0 hin d
024 _a236,951
037 _cTextual
040 _aARTS
_cARTS
_bhin
041 _2hin
_ahin
082 _aV2yN39, 152P5
100 _aपासवान, देवनारायण 'देव'; वर्मा, रामनरेश प्रसाद
_9168031
245 0 _aझोपड़ी के लाल डॉ रामकरण पाल
246 _aZopaड़ī ke lāl ḍaॉ. Rāmakaraṇ pāla
260 _aपटना
_b महात्मा ज्योतिबा फुले शोध संस्थान प्रकाशन
_c2005
300 _a270पृ.
_ccm.
942 _hV2yN39, 152P5
_cTEXL
_2CC
999 _c371814
_d371814